[Event "Avoine op 26th"]
[Site "Avoine"]
[Date "2011.07.29"]
[Round "7"]
[White "Balagny Carbuccia, Nicolas"]
[Black "Smith, Matthieu"]
[Result "1-0"]
[WhiteElo "1815"]
[BlackElo "2011"]
[PlyCount "67"]
[EventDate "2011.07.23"]
[EventType "swiss"]
[EventRounds "9"]
[EventCountry "FRA"]
[SourceTitle "EXT 2012"]
[Source "ChessBase"]
[SourceDate "2011.11.24"]
[SourceVersion "1"]
[SourceVersionDate "2011.11.24"]
[SourceQuality "1"]

1. e4 d6 2. d4 Nf6 3. Nc3 Nbd7 4. f4 e5 5. Nf3 exd4 6. Nxd4 g6 7. Be3 Bg7 8. Qf3 0-0 9. 0-0-0 Nc5 10. h3 Ne6 11. g4 Nxd4 12. Bxd4 Nd7 13. Bxg7 Kxg7 14. h4 Nb6 15. g5 f6 16. h5 fxg5 17. hxg6 h6 18. f5 Qe7 19. Bd3 Bd7 20. Rdf1 Qf6 21. Rxh6 Rh8 22. Rxh8 Rxh8 23. Ne2 Qe5 24. Rh1 Qe8 25. Ng3 Rxh1+ 26. Qxh1 Qh8 27. Qf3 Qh4 28. f6+ Kf8 29. g7+ Kf7 30. e5 Be6 31. Bf5 Bd5 32. e6+ Kxf6 33. Be4+ Kxg7 34. Qf7+ 1-0

[Event "FRA-ch U12"]
[Site "Aix les Bains"]
[Date "2009.04.24"]
[Round "7"]
[White "Hoerdt, Audran"]
[Black "Balagny Carbuccia, Nicolas"]
[Result "0-1"]
[WhiteElo "1600"]
[BlackElo "1820"]
[PlyCount "46"]
[EventDate "2009.04.19"]
[EventType "swiss"]
[EventRounds "9"]
[EventCountry "FRA"]
[SourceTitle "CBM 130 Extra"]
[Source "ChessBase"]
[SourceDate "2009.07.02"]
[SourceVersion "2"]
[SourceVersionDate "2009.07.15"]
[SourceQuality "1"]

1. e4 c5 2. Nf3 e6 3. d4 cxd4 4. Nxd4 Nc6 5. Nc3 Nf6 6. Nxc6 bxc6 7. e5 Nd5 8. Ne4 f5 9. exf6 Nxf6 10. Nd6+ Bxd6 11. Qxd6 Ba6 12. c4 Qb6 13. Bd3 Bxc4 14. Bxc4 Ne4 15. Qf4 Qb4+ 16. Bd2 Nxd2 17. Qxd2 Qxc4 18. Qe2 Qb4+ 19. Kd1 0-0 20. f3 Rf4 21. Kc1 Rc4+ 22. Kb1 Qb5 23. Qd2 Qf5+ 0-1

[Event "FRA-ch U12"]
[Site "Aix les Bains"]
[Date "2009.04.21"]
[Round "4"]
[White "Balagny Carbuccia, Nicolas"]
[Black "Viennot, Dylan"]
[Result "0-1"]
[WhiteElo "1820"]
[BlackElo "1889"]
[PlyCount "110"]
[EventDate "2009.04.19"]
[EventType "swiss"]
[EventRounds "9"]
[EventCountry "FRA"]
[SourceTitle "CBM 130 Extra"]
[Source "ChessBase"]
[SourceDate "2009.07.02"]
[SourceVersion "2"]
[SourceVersionDate "2009.07.15"]
[SourceQuality "1"]

1. e4 c5 2. Nf3 Nc6 3. d4 cxd4 4. Nxd4 e5 5. Nxc6 bxc6 6. Bc4 Nf6 7. 0-0 Be7 8. Nc3 0-0 9. Qd3 d6 10. Bg5 Nh5 11. Bxe7 Qxe7 12. Rad1 Rd8 13. Ne2 Be6 14. Bxe6 Qxe6 15. c4 Qf6 16. b3 g5 17. Qf3 Qxf3 18. gxf3 f5 19. Ng3 Ng7 20. Rd2 f4 21. Ne2 Kf7 22. Rfd1 Ke7 23. Nc3 a5 24. Kf1 Ne6 25. Kg2 h5 26. h3 Rd7 27. Na4 Re8 28. Nb6 Rb7 29. Na4 c5 30. Rd3 Nd4 31. Kh2 Rg8 32. Rg1 Ke6 33. Nc3 Rh7 34. Nb5 g4 35. h4 Rhg7 36. Nxd4+ exd4 37. Rdd1 gxf3 38. Rgf1 Ke5 39. Rde1 d3 40. a3 Kd4 41. Rd1 Rb8 42. Rb1 Kxe4 43. Rfe1+ Kd4 44. Re6 Rg2+ 45. Kh3 Rxf2 46. Rd1 Rg8 47. Rxd6+ Ke4 48. Re1+ Re2 49. Rxe2+ fxe2 50. b4 d2 51. Re6+ Kf3 52. bxa5 d1Q 53. Re3+ fxe3 54. Kh2 Qg1+ 55. Kh3 Qg2# 0-1

[Event "FRA-ch U12"]
[Site "Aix les Bains"]
[Date "2009.04.20"]
[Round "3"]
[White "Rodriguez, Adrien"]
[Black "Balagny Carbuccia, Nicolas"]
[Result "0-1"]
[WhiteElo "1620"]
[BlackElo "1820"]
[PlyCount "78"]
[EventDate "2009.04.19"]
[EventType "swiss"]
[EventRounds "9"]
[EventCountry "FRA"]
[SourceTitle "CBM 130 Extra"]
[Source "ChessBase"]
[SourceDate "2009.07.02"]
[SourceVersion "2"]
[SourceVersionDate "2009.07.15"]
[SourceQuality "1"]

1. d4 Nf6 2. c4 e6 3. Nc3 Bb4 4. Bg5 b6 5. a3 Bxc3+ 6. bxc3 Bb7 7. e3 d6 8. Nf3 Nbd7 9. Bd3 0-0 10. 0-0 h6 11. Bh4 c5 12. Nd2 Qc7 13. f3 Nh7 14. Qc2 f5 15. e4 fxe4 16. fxe4 Nhf6 17. Rae1 Ng4 18. h3 Rxf1+ 19. Nxf1 Ngf6 20. e5 dxe5 21. Bg3 Rd8 22. dxe5 Nh5 23. Bh2 Rf8 24. Qd2 g5 25. Bc2 Rd8 26. Rd1 Qc6 27. Ne3 Ng7 28. Qd3 Nf5 29. g4 Qh1+ 30. Kf2 Qxh2+ 31. Ke1 Qg3+ 32. Ke2 Qf3+ 33. Kd2 Qf2+ 34. Qe2 Nxe5+ 35. Nd5 Nxc4+ 36. Kc1 Qxe2 37. Nf6+ Kf7 38. Rxd8 Nfe3 39. Rd7+ Kxf6 0-1

[Event "FRA-ch U12"]
[Site "Le Grand Bornand"]
[Date "2007.04.??"]
[Round "9"]
[White "Balagny Carbuccia, Nicolas"]
[Black "Gelas, Christophe"]
[Result "0-1"]
[WhiteElo "1660"]
[BlackElo "1600"]
[PlyCount "124"]
[EventDate "2007.04.07"]
[EventType "swiss"]
[EventRounds "9"]
[EventCountry "FRA"]
[SourceTitle "CBM 118 Extra"]
[Source "ChessBase"]
[SourceDate "2007.07.04"]
[SourceVersion "1"]
[SourceVersionDate "2007.07.04"]
[SourceQuality "1"]

1. e4 c5 2. Nf3 Nc6 3. c3 d5 4. exd5 Qxd5 5. d4 cxd4 6. cxd4 Bg4 7. Be2 e6 8. Nc3 Bb4 9. 0-0 Bxc3 10. bxc3 Nge7 11. Bf4 0-0 12. Ne5 Bxe2 13. Qxe2 Nxe5 14. Bxe5 Rac8 15. Rfc1 Qc4 16. Qg4 Ng6 17. Bg3 Rfd8 18. h3 Qd3 19. Qf3 Qxf3 20. gxf3 Rc4 21. Rab1 b6 22. Rb4 Rdxd4 23. Bb8 Rxb4 24. cxb4 Rd7 25. Kg2 Kf8 26. Rc7 Rxc7 27. Bxc7 Ke7 28. Bb8 Kd7 29. a4 a5 30. Ba7 Kc7 31. bxa5 bxa5 32. Bd4 Nf4+ 33. Kh2 f6 34. Be3 Nd5 35. Bd4 Kb7 36. Kg3 Nb6 37. Bxb6 Kxb6 38. Kf4 Kc5 39. Ke4 Kb4 40. Kd4 e5+ 41. Kd3 f5 42. h4 h5 43. f4 exf4 44. Kd4 f3 45. Kd3 Kxa4 46. Kc4 Ka3 47. Kb5 Kb3 48. Kxa5 Kc4 49. Kb6 Kd3 50. Kc5 Ke2 51. Kd4 Kxf2 52. Ke5 Kg3 53. Kxf5 f2 54. Kg6 f1Q 55. Kh7 Kxh4 56. Kg6 Kg4 57. Kh7 g5 58. Kg6 Qf5+ 59. Kh6 h4 60. Kg7 Kh5 61. Kh8 Kg6 62. Kg8 Qc8# 0-1

[Event "FRA-ch U12"]
[Site "Le Grand Bornand"]
[Date "2007.04.??"]
[Round "1"]
[White "Balagny Carbuccia, Nicolas"]
[Black "Richard, Francois"]
[Result "1-0"]
[WhiteElo "1660"]
[BlackElo "1420"]
[PlyCount "115"]
[EventDate "2007.04.07"]
[EventType "swiss"]
[EventRounds "9"]
[EventCountry "FRA"]
[SourceTitle "CBM 118 Extra"]
[Source "ChessBase"]
[SourceDate "2007.07.04"]
[SourceVersion "1"]
[SourceVersionDate "2007.07.04"]
[SourceQuality "1"]

1. e4 c5 2. Nf3 Nc6 3. d4 cxd4 4. Nxd4 g6 5. Nc3 Bg7 6. Be3 Nf6 7. Bc4 0-0 8. 0-0 Nxe4 9. Nxe4 d5 10. Bxd5 Qxd5 11. Nc3 Qd8 12. Nxc6 bxc6 13. Rb1 Bf5 14. Re1 Qxd1 15. Rbxd1 Bxc2 16. Rc1 Bf5 17. Bc5 Bxc3 18. bxc3 Rfe8 19. Rxe7 Rxe7 20. Bxe7 Be6 21. a3 Re8 22. Bc5 a5 23. Bb6 a4 24. h3 Kg7 25. Bd4+ f6 26. Rb1 Rc8 27. Rb7+ Bf7 28. Ra7 h5 29. Rxa4 Bb3 30. Ra7+ Bf7 31. Kf1 Re8 32. a4 g5 33. a5 Kg6 34. Be3 f5 35. g3 Bc4+ 36. Kg2 Bd5+ 37. Kh2 f4 38. gxf4 gxf4 39. Bxf4 Re1 40. Kg3 Rg1+ 41. Kh4 Bg2 42. Ra8 c5 43. Rg8+ Kf5 44. Be3 Kf6 45. a6 Kf7 46. Rg5 c4 47. a7 Ra1 48. Rxg2 Kf8 49. Rg6 Kf7 50. Rc6 Ra5 51. Rc7+ Ke6 52. Rc8 Re5 53. a8Q Kf5 54. Qf3+ Ke6 55. Rc6+ Kd7 56. Qf6 Rd5 57. Qe6+ Kd8 58. Rc8# 1-0

[Event "FRA-ch U12"]
[Site "Le Grand Bornand"]
[Date "2007.04.??"]
[Round "8"]
[White "Balagny Carbuccia, Nicolas"]
[Black "Sarafian, Thomas"]
[Result "1-0"]
[WhiteElo "1660"]
[BlackElo "1740"]
[PlyCount "137"]
[EventDate "2007.04.07"]
[EventType "swiss"]
[EventRounds "9"]
[EventCountry "FRA"]
[SourceTitle "CBM 118 Extra"]
[Source "ChessBase"]
[SourceDate "2007.07.04"]
[SourceVersion "1"]
[SourceVersionDate "2007.07.04"]
[SourceQuality "1"]

1. e4 c5 2. Nf3 a6 3. Be2 Nc6 4. c3 d5 5. exd5 Qxd5 6. d4 cxd4 7. cxd4 Nf6 8. Nc3 Qd8 9. 0-0 Bf5 10. h3 e6 11. Qb3 Be7 12. Qxb7 Na5 13. Bb5+ Kf8 14. Qxa6 Rxa6 15. Bxa6 Be4 16. Be3 Bxf3 17. gxf3 Nd5 18. Rac1 Nxc3 19. Rxc3 Qd7 20. Rc8+ Bd8 21. Rfc1 Ke7 22. b3 Nb7 23. d5 Qxd5 24. Bb6 Re8 25. Bxb7 Qxb7 26. Bxd8+ Rxd8 27. R1c7+ Qxc7 28. Rxc7+ Kf6 29. Rc1 Ra8 30. a4 Rb8 31. Rb1 Ke5 32. Kg2 Kd4 33. b4 Kc4 34. a5 Kb5 35. Kg3 Ka6 36. f4 Kb5 37. Kg4 Re8 38. h4 Rd8 39. f3 Rd4 40. Kg3 Rd7 41. Rb2 Rc7 42. Kg4 Rc4 43. Kg3 Rc7 44. Kf2 Rd7 45. Kg3 Rc7 46. h5 Rd7 47. f5 e5 48. f6 g6 49. hxg6 hxg6 50. Kg4 Rd3 51. Rb1 Rc3 52. f4 e4 53. f5 gxf5+ 54. Kxf5 e3 55. Ke5 e2 56. Kd4 Rc4+ 57. Kd3 Rxb4 58. Rxb4+ Kxb4 59. Kxe2 Kxa5 60. Kd3 Kb6 61. Kd4 Kc6 62. Ke5 Kd7 63. Kd5 Ke8 64. Kc6 Kd8 65. Kd6 Ke8 66. Kc7 Kf8 67. Kd8 Kg8 68. Ke8 Kh7 69. Kxf7 1-0

[Event "FRA-ch U12"]
[Site "Le Grand Bornand"]
[Date "2007.04.??"]
[Round "5"]
[White "Viennot, Dylan"]
[Black "Balagny Carbuccia, Nicolas"]
[Result "1/2-1/2"]
[WhiteElo "1770"]
[BlackElo "1660"]
[PlyCount "57"]
[EventDate "2007.04.07"]
[EventType "swiss"]
[EventRounds "9"]
[EventCountry "FRA"]
[SourceTitle "CBM 118 Extra"]
[Source "ChessBase"]
[SourceDate "2007.07.04"]
[SourceVersion "1"]
[SourceVersionDate "2007.07.04"]
[SourceQuality "1"]

1. e4 e5 2. Nf3 Nc6 3. Bb5 d6 4. d4 exd4 5. Nxd4 Bd7 6. Bxc6 bxc6 7. Nc3 Nf6 8. 0-0 Be7 9. h3 0-0 10. Qf3 c5 11. Nf5 Bxf5 12. Qxf5 Re8 13. Ne2 g6 14. Qf3 Bf8 15. Bg5 Bg7 16. Qf4 Re6 17. Nc3 Rb8 18. Rab1 Rc8 19. Nd5 c6 20. Nxf6+ Bxf6 21. Bxf6 Qxf6 22. Qxf6 Rxf6 23. Rfe1 Re6 24. f3 Kg7 25. Kf2 Re7 26. Re2 Ree8 27. Ree1 Re6 28. Re2 Ree8 29. Ree1 1/2-1/2